| 000 | 00000nam 2200000zi 4500 |
| 001 | 9.931916 |
| 003 | CaOODSP |
| 005 | 20241118162013 |
| 006 | m o d f |
| 007 | cr |n||||||||| |
| 008 | 231229e199201##quc o f|0| 0 fre d |
| 040 | |aCaOODSP|bfre|erda|cCaOODSP |
| 043 | |an-cn--- |
| 086 | 1 |aCW66-1465/1992F-PDF |
| 245 | 00|aÉcotechnologie et restauration des habitats fauniques le long du Saint-Laurent : |baperçu des projets de restauration réalisés et envisagés par le Service canadien de la faune dans le cadre du PASL. |
| 264 | 1|a[Sainte-Foy, Québec] : |bService canadien de la faune, |cjanvier 1992. |
| 300 | |a1 ressource en ligne (7, 3 pages) |
| 336 | |atexte|btxt|2rdacontent/fre |
| 337 | |ainformatique|bc|2rdamedia/fre |
| 338 | |aressource en ligne|bcr|2rdacarrier/fre |
| 500 | |aÉdition numérisée de l’imprimé [par Environnement et changement climatique Canada]. |
| 650 | 0|aWildlife conservation|zSaint Lawrence River. |
| 650 | 6|aFaune|xProtection|zSaint-Laurent (Fleuve) |
| 710 | 2 |aService canadien de la faune, |eorganisme de publication. |
| 856 | 40|qPDF|s234 Ko|uhttps://publications.gc.ca/collections/collection_2024/eccc/cw66/CW66-1465-1992-fra.pdf |